La importancia del tenedor: historias, inventos y artilugios en la cocina
Saved in:
| Hovedforfatter: | |
|---|---|
| Format: | Bog |
| Sprog: | spansk |
| Udgivet: |
Madrid
Turner Publicaciones
2013
|
| Udgivelse: | 1a. ed |
| Fag: | |
| Tags: |
Tilføj Tag
Ingen Tags, Vær først til at tagge denne postø!
|
MARC
| LEADER | 00000cam a2200000 a 4500 | ||
|---|---|---|---|
| 001 | UCC0802 | ||
| 003 | CL-VaPUC | ||
| 008 | 170908e20130000sp |||||||||||||||||spa|d | ||
| 020 | |a 9788415832034 | ||
| 082 | 0 | 4 | |a 683.82 |b WIL |2 21 |
| 100 | 0 | |a Wilson, Bee |e author |9 594795 | |
| 245 | 1 | 3 | |a La importancia del tenedor: historias, inventos y artilugios en la cocina |
| 250 | |a 1a. ed | ||
| 300 | |a 374 p | ||
| 942 | |c BK | ||
| 945 | |d 20170908 13:53:00 |a dcastane | ||
| 260 | |a Madrid |b Turner Publicaciones |c 2013 | ||
| 650 | 7 | |a UTENSILIOS DE COCINA |2 CL-VaPUC |9 594796 | |
| 650 | 0 | |a Cocina |9 328037 | |
| 583 | |a last modification |c 20170908 13:53:00 |k Rodrigo Vera | ||
| 999 | |c 369509 |d 369507 | ||
| 952 | |0 0 |1 0 |3 erb |4 0 |6 683_820000000000000_WIL_2013 |7 0 |8 A |9 485341 |a BIBARQ |b BIBARQ |i 5421098 |l 1 |o 683.82 WIL 2013 |p 5421098 |r 2025-01-20 |s 2023-09-25 |w 2019-11-24 |y BK |z Catalogado en:20170908 |k ARQ | ||